000 00991nam a2200241 i 4500
001 171937
003 ES-MaACL
005 20250808062819.0
008 090609s19841985sp |||| | spa d
017 _aM 33133-1984 (T. VII)
017 _aM 8024-1985 (T. VIII)
020 _a84-220-1159-X (T. VII)
020 _a84-220-1181-6 (T. VIII)
100 1 _aUrdanoz, Teófilo.
_9139750
245 1 0 _aHistoria de la Filosofía.
_nVII-VIII /
_cpor Teófilo Urdanoz.
260 _aMadrid :
_bLa Editorial Católica,
_c1984-1985.
300 _a2 v. ;
_c20 cm.
490 1 _aBiblioteca de autores cristianos ;
_v454, 455
505 8 _aContiene : T. VII. Siglo XX : Filosofía de las ciencias, neopositivismo y filosofía analítica (XI, 435 p.) - T. VIII. Siglo XX : Neomarxismos. Estructuralismo. Filosofía de inspiración cristiana (XII, 527 p., 1 h.)
830 0 0 _aBiblioteca de autores cristianos
_v454, 455
_9178679
852 _aES-MaACL
_jJ-443-44
_9R.46092
999 _c171937
_d171937